[Event "Foment Martinenc op-C 24th"]
[Site "Barcelona"]
[Date "2024.05.11"]
[Round "4"]
[White "Mumbru Borges, Marc"]
[Black "Turuguet Vilardell, Jordi"]
[Result "1-0"]
[WhiteElo "1458"]
[BlackElo "1347"]
[PlyCount "83"]
[EventDate "2024.04.20"]
[EventType "swiss"]
[EventRounds "9"]
[EventCountry "ESP"]
[SourceTitle "CBM 220 Extra"]
[Source "ChessBase"]
[SourceDate "2024.07.31"]
[SourceVersion "1"]
[SourceVersionDate "2024.07.31"]
[SourceQuality "1"]

1. e4 d5 2. exd5 Qxd5 3. Nc3 Qd8 4. d4 Nf6 5. Nf3 Bf5 6. Bf4 e6 7. Bc4 Nbd7 8. Nb5 Rc8 9. Nxa7 Ra8 10. Nb5 Rc8 11. a3 c6 12. Nd6+ Bxd6 13. Bxd6 Ne4 14. Bb4 c5 15. dxc5 Nexc5 16. 0-0 0-0 17. Bb5 Nb6 18. Qxd8 Rfxd8 19. Ba5 Rd6 20. c3 Bd3 21. Bxd3 Nxd3 22. Rad1 Rcc6 23. Bxb6 Rxb6 24. b4 Nb2 25. Rxd6 Rxd6 26. Nd4 e5 27. Re1 h6 28. Rxe5 Nc4 29. Re8+ Kh7 30. h3 Nxa3 31. Re7 Nb1 32. Rxf7 Nxc3 33. Nf5 Ne2+ 34. Kf1 Re6 35. Nxg7 Rg6 36. Nf5+ Kg8 37. Rxb7 Nc3 38. b5 Nxb5 39. Rxb5 Ra6 40. Re5 Ra1+ 41. Re1 Ra6 42. g3 1-0